00588nam a2200181Ia 4500008004100000020001500041041001200056082001100068100002000079245004900099260003500148300000800183650000700191700001600198942000700214999001500221952017000236221030s9999 xx 000 0 und d a8131718292 aEnglish a105.23 aA. S. Tanenbaum 0aDistributed Systems : Principles & Paradigms bPearson EdcuationaDelhic2008 a704 aIT aM. V. Steen cBK c6386d6386 pBE 10112g390.00l0o105.23 r2024-06-13 00:00:00w2022-10-30yBK003Print4070aMIETLIBbMIETLIBcBL-Academic Block C, FL-2, CUP-119, SH-3, R-3d2009-12-1110HBE